Adivinhe o clube por títulos #1 - Statistics

Estatísticas Gerais
  • Esse quiz foi jogado 72 vezes
  • A pontuação média é 20 de 28
Estatísticas das Respostas
Mundial Brasileirão Libertadores CDB Série B Estaduais Rebaixamentos Resposta % Correto
1 7 (8) 3 4 0 38 0 Flamengo
100%
0 12 3 4 2 26 2 Palmeiras
97%
2 8 3 1 0 22 1 Santos
97%
2 7 1 3 1 30 1 Corinthians
95%
3 6 3 1 0 22 0 São Paulo
95%
0 2 0 0 2 21 3 Botafogo
94%
0 4 1 1 0 33 2 Fluminense
94%
0 4 1 1 1 24 4 Vasco
92%
0 4 2 6 1 38 1 Cruzeiro
88%
1 2 3 5 1 43 3 Grêmio
88%
1 3 2 1 0 45 1 Internacional
86%
0 3 1 2 1 49 1 Atlético MG
85%
0 2 0 0 0 50 4 Bahia
78%
0 1 0 1 1 44 6 Sport
78%
0 0 0 0 2 16 7 América-MG
69%
0 1 0 0 2 39 7 Coritiba
68%
0 0 0 0 1 30 6 Vitória
66%
0 0 0 0 1 46 2 Fortaleza
63%
0 0 0 0 0 46 3 Ceará
62%
0 0 0 1 1 18 3 Criciúma
60%
0 0 0 0 0 13 0 Cuiabá
54%
0 0 0 0 0 23 3 Náutico
51%
0 0 0 0 0 29 5 Santa Cruz
49%
0 1 0 1 1 28 3 Athletico-PR
48%
0 0 0 0 1 7 2 Chapecoense
43%
0 0 0 0 1 9 3 Paraná
34%
0 0 0 0 0 6 2 Londrina
15%
0 0 0 0 0 24 2 Mixto
3%
Nenhum quiz correspondente encontrado
Distribuição das Pontuações
Porcentagem de Pessoas com Cada Pontuação
Percentil de Números Respondidos
Sua Pontuação Histórica
Você não jogou esse quiz